000 00268nam a2200121 i 4500
001 bg
245 0 _aMetody iloĊ›ciowe w ekonomii.
_nCz.2.
260 _aSzczecin,
_c1984.
040 _cBPK
041 _apol
942 _cKS
008 s pl f |000 0 pol
999 _c28354
_d28354
856 _uhttp://koha.tu.koszalin.pl/cgi-bin/koha/opac-detail.pl?biblionumber=28354
_yKatalog online BPK